|
|
|
|
| LEADER |
00000nam0a2200000 4500 |
| 001 |
271135 |
| 005 |
20231101234416.0 |
| 035 |
|
|
|a (RuTPU)RU\TPU\book\294316
|
| 090 |
|
|
|a 271135
|
| 100 |
|
|
|a 20141004d1911 k y0rusy50 ca
|
| 101 |
0 |
|
|a rus
|
| 102 |
|
|
|a RU
|
| 105 |
|
|
|a a z 001zy
|
| 200 |
1 |
|
|a Железные руды России
|e геологический характер их месторождений, распространение и запасы с 72 разрезами и картами
|f К. И. Богданович
|
| 210 |
|
|
|a Санкт-Петербург
|c Типография М. М. Стасюлевича
|d 1911
|
| 215 |
|
|
|a 327 с.
|c ил.
|
| 320 |
|
|
|a Библиогр.: с. 273-315.
|
| 320 |
|
|
|a Указатель месторождений: с. 316-327.
|
| 606 |
1 |
|
|a Железные руды
|x Геология
|2 stltpush
|3 (RuTPU)RU\TPU\subj\10478
|9 37546
|
| 610 |
1 |
|
|a Россия
|
| 610 |
1 |
|
|a месторождения
|
| 610 |
1 |
|
|a распространение
|
| 610 |
1 |
|
|a запасы
|
| 675 |
|
|
|a 553
|v 3
|
| 700 |
|
1 |
|a Богданович
|b К. И.
|c крупнейший русский и польский ученый
|c горный инженер
|c профессор геологии Санкт-Петербургского Горного института
|c директор Геологического Комитета
|c академик Польской АН
|f 1864-1947
|g Карл Иванович
|2 stltpush
|3 (RuTPU)RU\TPU\pers\24835
|9 11040
|
| 801 |
|
1 |
|a RU
|b 63413507
|c 20141004
|
| 801 |
|
2 |
|a RU
|b 63413507
|c 20141105
|g RCR
|
| 942 |
|
|
|c BK
|